Les constructeurs qui vendent le plus de voitures en France - Statistiques

Statistiques générales
  • Ce quiz a été pris 129 481 fois
    124 406 depuis la dernière actualisation
  • Le résultat moyen est 13 sur 20
Statistiques - réponses
Pays Marque % % Correct
France Peugeot 17,2
97%
France Renault 16,2
97%
France Citroën 9,76
90%
Allemagne Mercedes-Benz 3,06
87%
Allemagne BMW 2,77
85%
Allemagne Audi 3,02
81%
Japon Toyota 5,80
77%
Italie Fiat 2,41
74%
Allemagne Volkswagen 6,35
74%
États-Unis Ford 2,64
71%
Roumanie Dacia 7,55
64%
Corée du Sud Hyundai 2,73
58%
Espagne Seat 1,61
52%
Allemagne Opel 2,25
50%
Japon Nissan 1,59
47%
Tchéquie Škoda 1,83
46%
États-Unis Tesla 1,59
44%
Corée du Sud Kia 2,67
41%
Royaume-Uni Mini 1,53
40%
Japon Suzuki 1,38
39%
Aucun quiz correspondant
Distribution des résultats
% des personnes avec chaque résultat
Percentile par nombre de réponses
Votre historique - résultats
Vous n’avez pas pris ce quiz depuis la dernière actualisation